000 00247nam a22001217a 4500
003 SGT
082 _a823
_bMCC
100 _aMCCORMACK MARK H
245 _aBEYOND HARVARD
260 _aLONDON
_bPBL PUB
_c2017
300 _a256
942 _2ddc
_cBK
999 _c33533
_d33533